=LDR 00000nam 2200000 4500 =001 INLIS000000000014056 =005 20130612105348 =008 ***********************************Ind. Prancis** =035 ##$$0010-061300000014056 =041 ##$$a Ind. Prancis =082 ##$$a R.443.x =090 ##$$a R.443.x, Sum k =100 ##$$a Sumargono, Farida =245 ##$$a Kamus dasar Prancis-Indonesia (Dictionnaire Fondamental Prancis-Indonesian), Farida Sumargono =260 ##$$a 1983 $b Jakarta =300 ##$$a xvii, 369 hlm, 21 cm =650 ##$$a Bahasa Prancis - Kamus - Indonesia =850 ##$$a NBPNMAT